The forger /

Main Author: O'Neill, Robert, 1933-2014
Other Authors: Wiggins, Robert
Language: English
Published: London : Longman, 1977
Series: Longman structural readers. Fiction
Physical Description: 93 s. : il.
Book
Saved in:
LEADER 00731nam a22002292a 4500
001 000895477
003 CZ BrMZK
005 20080430205258.0
007 ta
008 080430s1977 xxka er|||||||||||eng d
040 |a BOA001  |b cze 
100 1 |a O'Neill, Robert,  |d 1933-2014  |7 jn20000604274  |4 aut 
245 1 4 |a The forger /  |c Robert O'Neill ; illustrated by Robin Wiggins 
260 |a London :  |b Longman,  |c 1977 
300 |a 93 s. :  |b il. 
490 1 |a Longman structural readers. Fiction 
700 1 |a Wiggins, Robert  |4 ill 
830 0 |a Longman structural readers.  |p Fiction 
910 |a BOA001  |b 1-0813.609 
990 |a BK 
991 |b 200804 
996 7 |b 2619559794  |c 1-0813.609  |l MZK  |r Sklad / do 1 hodiny  |n 0  |w 000895477  |u 000010  |a 1  |e BOA001  |j MZK50  |s A